Cabo da Boa Esperança (Registo nº 152)

Detalhes MARC
000 -Etiqueta do registo
Cabeçalho 00799nam0a2200277 4500
005 - Identificador da versão
Campo de controlo 20240813121755.0
095 ## -
-- PTBN00476864
010 ## - Número internacional normalizado dos livros (ISBN)
Número (ISBN) 9726170974
021 ## - Número do Depósito Legal
Código do país PT
Número 63346/93
100 ## - Dados gerais de processamento
Dados gerais de processamento 20160225d1993 m y0pory5003 ba
102 ## - Pais de publicação ou produção
País de publicação Portugal
101 0# - Língua de publicação
Língua do texto, banda sonora, etc. Português
215 ## - Descrição física 
Indicação específica da natureza do documento e extensão da espécie 196, [1] p.
200 1# - Titulo e menção de responsabilidade
Título próprio Cabo da Boa Esperança
Primeira menção de responsabilidade Sebastião da Gama
225 2# - Colecção 
Título próprio da colecção Poesia
Nome de uma parte ou secção Obras completas de Sebastião da Gama
Indicação de volume 3
Título próprio da colecção Obras completas de Sebastião da Gama
Indicação de volume 3
205 ## - Menção da edição
Menção da edição 3ª ed
210 ## - Publicação, Distribuição, etc. 
Lugar da edição, distribuição, etc. Lisboa
Nome do editor, distribuidor, etc. Ática
Data da publicação, distribuição, etc. D.L. 1993
606 ## - Nome comum usado como assunto
Número de registo de entrada de autoridade 0002007
Palavra de ordem Literatura portuguesa
Subdivisão de assunto Poesia
Código do sistema CA
675 ## - Classificação Decimal Universal (CDU)
Notação 821.134.3-1
Edição 3ª ed.
Língua da edição por
700 ## - Nome de autor-pessoa física (responsabilidade principal)
Número de registo de entrada de autoridade 0000199
Palavra de ordem Gama
Outra parte do nome não tomada para palavra de ordem Sebastião da
Datas 1924-1952
966 ## - Identificação da Biblioteca
Sigla EB2,3ENM
942 ## - Elementos de entrada adicionados (Koha)
Tipo de item no Koha Livro
Exemplares
Situação do levantamento Origin of item (home branch) (coded) Biblioteca de empréstimo Código de barras Cota Circulation type (not for loan) Tipo de documento Nota do exemplar Damaged status
  Biblioteca Escolar Eng. Nuno Mergulhão Biblioteca Escolar Eng. Nuno Mergulhão BENM547 82LP-1 GAM   Livro Sem mensagem